Early Childhood Education / Fifth Edition (Record no. 3123)
[ view plain ]
| 000 -LEADER | |
|---|---|
| fixed length control field | 01279cam a22002054a 4500 |
| 005 - ΗΜΕΡΟΜΗΝΙΑ ΚΑΙ ΩΡΑ ΤΕΛΕΥΤΑΙΑΣ ΕΝΗΜΕΡΩΣΗΣ | |
| Πεδίο ελέγχου | 20250605164105.0 |
| 008 - FIXED-LENGTH DATA ELEMENTS--GENERAL INFORMATION | |
| Πεδίο ελέγχου σταθερού μήκους | 250528s ||||||||||||||||||||||||d |
| 035 ## - SYSTEM CONTROL NUMBER | |
| System control number | 17722 |
| 020 ## - ISBN | |
| ISBN | 9781471846694 |
| 040 ## - ΠΗΓΗ ΚΑΤΑΛΟΓΟΓΡΑΦΗΣΗΣ | |
| Φορέας πρωτότυπης καταλογογράφησης | MC Athens Campus Library |
| Γλώσσα καταλογογράφησης | Ελληνικά, Μοντέρνα (1453-) |
| Modifying agency | MC Athens Campus Library |
| Κανόνες περιγραφικής καταλογογράφησης | AACR2 |
| 245 1# - ΤΙΤΛΟΣ ΚΑΙ ΔΗΛΩΣΗ ΥΠΕΥΘΥΝΟΤΗΤΑΣ | |
| Τίτλος | Early Childhood Education / Fifth Edition |
| 250 ## - EDITION STATEMENT | |
| Edition statement | 5th |
| 260 ## - PUBLICATION, DISTRIBUTION, ETC. | |
| Name of publisher, distributor, etc. | Hodder Education, |
| Date of publication, distribution, etc. | 2015 |
| 300 ## - PHYSICAL DESCRIPTION | |
| Extent | 234 |
| 520 ## - SUMMARY, ETC. | |
| Summary, etc. | The perfect textbook for a wide range of early years and Childhood qualifications including BA Hons in Early Years Education and Early Childhood Studies, PGCEs and Foundation Degrees. Acknowledgements, Early Childhood Education Traditions: What They are and Where They Come From, Three Different Views of the Child, Ten Principles of the Pioneers: The Bedrock of the Early Childhood Traditions, The First Three Years, Applying the Principles, Play, Schemas, Representation: Children as Symbol Users, Communicating with and Without Words: The Foundations of Literacy, Learning How You and Other People Feel and Think, People who Matter to Children, Diversity and Inclusion, Observation that Informs Assessment and Planning and Evaluation, The Way Forward, Bibliography and References, Index. |
| 700 1# - ΠΡΟΣΘΕΤΗ ΑΝΑΓΡΑΦΗ--ΦΥΣΙΚΟ ΠΡΟΣΩΠΟ | |
| Personal name | Bruce Tina |
| 9 (RLIN) | 3913 |
| 942 ## - ADDED ENTRY ELEMENTS (KOHA) | |
| Koha item type | Books |
| Τύπος τεκμηρίου | Βιβλιοθήκη | Τρέχουσα τοποθεσία | Barcode | Αριθμός εισαγωγής | Ημερομηνία απόκτησης | Ταξιθετικό σύμβολο | Αριθμός αντιτύπου | Κατάσταση απόσυρσης | Κατάσταση χαμένου | Κατάσταση κατεστραμμένου | Μη δανεισμός | Σύνολο δανεισμών | Ημερομηνία τελευταίας εμφάνισης | Η τιμή ισχύει από |
|---|---|---|---|---|---|---|---|---|---|---|---|---|---|---|
| Books | MC Athens Campus Library | MC Athens Campus Library | 9780000031228 | 6104 | 05/06/2025 | 372.21 BRU | 1 | 05/06/2025 | 05/06/2025 |